Analogies - Histoire - Statistiques

Statistiques générales
  • Ce quiz a été pris 16 903 fois
    16 341 depuis la dernière actualisation
  • Le résultat moyen est 11 sur 20
Statistiques - réponses
L'un est à l'autre Ce que ... % Correct
Gandhi est à l'Inde Mandela est à l'{Afrique du Sud}
93%
Lénine est à la Russie {Mao} est à la Chine
86%
Newton est à la gravité {Einstein} est à la relativité
81%
Napoléon est à la France Gengis Khan est à la {Mongolie}
74%
Edison est au phonographe {Gutenberg} est à l'imprimerie
74%
Cortés est aux Aztèques Pizarro est aux {Incas}
71%
Abolition est à l'esclavage {Prohibition} est à l'alcool
68%
Zeus est à l'Olympe {Odin} est à Asgard
63%
George Washington est aux États-Unis {Louis-Napoléon Bonaparte} est à la France
60%
Constantinople est à Istanbul {Byzance} est à Constantinople
59%
Le Brésil est au Portugal L'Indonésie est aux {Pays-Bas}
52%
Jules César est au 15 mars -44 {John F. Kennedy} est au 22 novembre 1963
49%
Lutèce est à Paris {Nouvelle-Amsterdam} est à New York
47%
Hitler est au Führer Mussolini est au {Duce}
46%
Ivan est à "Terrible" Vlad est à "{Empaleur}"
45%
Henry VIII est à Tudor Elizabeth II est à {Windsor}
44%
Les Capétiens sont à la France Les {Habsbourg} sont à l'Autriche
40%
Christophe Colomb est à l'Amérique {Vasco de Gama} est à l'Inde
35%
Marie-Antoinette est à Louis XVI Catherine de Médicis est à {Henri II}
33%
La Perse est à l'Iran {Ceylan} est au Sri Lanka
26%
Aucun quiz correspondant
Distribution des résultats
% des personnes avec chaque résultat
Percentile par nombre de réponses
Votre historique - résultats
Vous n’avez pas pris ce quiz depuis la dernière actualisation